00300nam a22001097a 4500020001500000040000900015082001600024100001500040245004400055260004700099650004400146 a0194572064 cNust a651.74bASH aA. Ashley  aA handbook of commercial correspondence aNew York:bOxford University Press,c2000. aA handbook of commercial correspondence